000 00793nam a22002537a 4500
001 BR9400607
003 BR-BrBNA
005 20240222135848.0
007 ta
008 230509b bl.||||| |||| 00| 0 por d
040 _aBR-BrBNA
_bpor
_cBiblioteca Nacional de Agricultura
041 _a(Por)
072 _aA50; E14
090 _aA50
_bBR9400607
110 1 _aEmpresa Brasileira de Pesquisa Agropecuaria, Brasilia, DF (Brasil)
245 1 _aProjeto de fortalecimento da pesquisa e difusao de tecnologia agropecuaria para a grande Regiao Centro-Sul. PROCENSUL - volume 2
260 3 _aBrasilia, DF (Brasil):
_c1976.
300 _a323 p.
500 _a107 tables
650 _aProjeto de Pesquisa
650 _aDifusao de Tecnologia
650 _aRegiao Centro-Sul
942 _cBK
_2AGRIS
999 _c47655
_d47655